000 00834nas a2200289 4500
001 BR2012007351
003 BR-BrBNA
005 20231205121311.0
007 ta
008 230509b bl.|||p| |||| 00| 00por d
040 _aBR-BrBNA
_bpor
_cBiblioteca Nacional de Agricultura
041 _a(Pt)
072 _aH10
100 1 _aFerreira, F.T.R.
100 1 _avendramim, J.D.
100 1 _aForim, M.R.
245 1 _aBioatividade de nanoformulações de nim sobre a traça-do-tomateiro
650 _aTOMATE
650 _aTRAÇA
650 _aNIM
650 _aINSETICIDA DE ORIGEM VEGETAL
650 _aFORMULAÇÃO
650 _aPULVERIZAÇÃO
773 0 _tCiência Rural (Brazil)
_xISSN 0103-8478
_g(Aug 2012), v. 42(8) p. 1347-1353
_wBR2012007351
909 _a202311
_bLúcia
_c55
_dLúcia Elande
942 _2AGRIS
_n0
_cANA
999 _c222826
_d222826